[Event "Turnier 40 / 120"]
[Site "Wien"]
[Date "2023.10.29"]
[Round "34"]
[White "Mephisto Magellan – 20 MHZ"]
[Black "Novag Star Diamond – 25 MHZ"]
[Result "1-0"]
[BlackElo "2161"]
[WhiteElo "2233"]

{Analyse --------> Stockfish 16} 1. e4 c5 2. Nf3 d6 3. d4 cxd4 4. Qxd4 Nc6
5. Bb5 Qd7 {Buchende} 6. Qa4 Nf6? {Buchbewertung Novag Star Diamond: -0,65
/ gleich der allererste berechnete Zug ist ganz schlecht, lt. Stockfish ist
die Partie damit praktisch schon verloren, Stockfish -1,70, merkwürdig,
Magellan hat diesen klaren Fehler noch im Buch} 7. Nc3? {aber hier haben
die Buchautoren von Magellan nicht ihre Arbeit gemacht, verpasst den
möglichen Gewinn, danach steht Weiss nur noch knapp besser mit ca. +0,40,
nötig war Sd4} a6 8. O-O Ra7? {merkwürdig, auch diesen Fehler hat Magellan
noch im Buch, ein ganz schlechter Zug, Stockfish -1,40} 9. Bd3? {Buchende /
das kann man in Summe wirklich nur noch einen klaren Buchfehler von
Magellan nennen, verpasst wieder den klaren Vorteil, der mit 9.Lxc6 zu
haben war, nach dem Textzug ist jeglicher Vorteil dahin, Stockfish 0,00} b5
10. Qb3 {Buchbewertung Mephisto Magellan: +0,1} e6 {lt. Stockfish ist die
Partie hier bereits Remis, er sieht hier eine Variante mit einer
Stellungswiederholung, Schwarz kann die Dame mit dem Springer immer wieder
angreifen, die nicht mehr aus kann} 11. a4 {damit verhindert Magellan
allerdings das Remis, da er der Dame ein Rückzugsfeld macht, auch nach dem
Textzug ist die Stellung im Lot, Stockfish 0,00, Stockfish hätte aber Tfd1
vorgeschlagen, aber auch das wird nicht besser bewertet} b4 12. Ne2 d5 13.
exd5 Nxd5 14. Rd1 Bd6 15. Be4 Nf6 16. Qd3 Nxe4 {besser ist Tc7, Stockfish
-0,90} 17. Qxe4 f5 18. Qc4 Rc7? {ein schlechter Zug, danach ist Weiss
bereits klar im Vorteil, Stockfish -1,70, deutlich besser ist 18. Sa5} 19.
Bf4 Ne7? {das muss man bereits als Verlustzug werten, Stockfish -3,00,
deutlich mehr Widerstand leistet noch 19. e5} 20. Qb3 Nd5 {Verlustzug ist
es allerdings wieder nur für Stockfish 16, denn die richtige Fortsetzung
hier wird Magellan wohl nicht sehen, hier gewinnt bereits 21. Txd5 !!!} 21.
Rd4 {halbiert den Vorteil von Weiss, Stockfish +1,50, hier erspare ich aber
Magellan ein Fragezeichen, 21. Txd5 !! ist schon eine sehr harte Nuss.}
Nxf4 22. Nxf4 Qe7 23. Re1 Bxf4 24. Rxf4 O-O 25. Nd4? {ein schwacher Zug,
deutlich besser ist 25. Txb4, Stockfish +1,10} Rd8? {deutlich besser ist
entweder Df7 oder a5, Stockfish -1,80} 26. Nxe6 Kh8 27. g4! Bxe6 28. Rxe6
Qd7 29. Qd3? {ein schlechter Zug, der den Vorteil von Weiss etwa halbiert,
Stockfish +1,00, deutlich besser ist gxf5} Qxd3 30. cxd3 fxg4 31. Rxa6
Rc1+?? {ein Verlustzug, danach ist die Partie bereits klar verloren,
Stockfish -3,00, deutlich besser ist h5 mit ca. -1,00} 32. Kg2 h5 {jetzt
nicht mehr empfehlenswert, besser ist noch b3, Stockfish -3,50} 33. Rxb4
{besser ist Ta5, dennoch steht Weiss klar auf Gewinn, Stockfish +3,00} Rc2
34. Rb5?? {doch Turmendspiele sind problematisch für unsere Oldies
überhaupt mit allen 4 Türmen, ein Katastrophenzug, der den Sieg auf einen
Schlag verschenkt, danach ist die Partie Remis, gewonnen hätte Ta5 mit ca.
+3,30, Stockfish 0,00} Kg8 35. Rxh5 Rxb2 36. Ra7 Rxd3 37. Rf5 Ra2 38. Rff7
Rxa4 39. Rxg7+ Kf8 40. Rxa4 Kxg7 41. Rxg4+ {die beiden Geräte können es
nicht wissen, aber die Stellung ist Remis, als geübter Schachspieler kennt
man dieses Motiv bereits die beiden Isolanies werden in der Folge vom
Schwarzen Turm von hinten abwechselnd angegriffen und können nicht beide
auf Dauer verteidigt werden.} Kf6 42. h4 Kf5 43. f3 Rd1?? {es bleibt
problematisch für Oldies, natürlich muss Schwarz genau spielen, um das
Remis zu sichern, das ist ein absoluter Verlustzug, danach ist die Partie
klar verloren, Stockfish -5,00, das Remis gesichert hätte 43. Kf6} 44. h5
Rd6 45. Kg3 Rd1 46. h6 Rh1 47. Rh4 Rxh4 {Stockfish Matt in 19} 48. Kxh4 Kg6
{Novag Star Diamond: -8,19 ----> aufgegeben} 1-0
[/pgn]
[pgn]

[Event "Turnier 40 / 120"]
[Site "Wien"]
[Date "2023.10.30"]
[Round "35"]
[White "Novag Star Diamond – 25 MHZ"]
[Black "Mephisto Magellan – 20 MHZ"]
[Result "1/2-1/2"]
[BlackElo "2233"]
[WhiteElo "2161"]

{Analyse -------> Stockfish 16} 1. e4 e5 2. Nf3 Nc6 3. Bb5 a6 4. Ba4 Nf6 5.
O-O Nxe4 6. d4 b5 7. Bb3 d5 8. dxe5 Be6 9. c3 Be7 10. Be3 Nc5 11. Bc2 Bg4
12. Nbd2 Ne6 13. Qb1 {Buchende} Bh5 {Buchende} 14. Bf5 {Buchbewertung Novag
Star Diamond: +0,42} Bg6 {Buchbewertung Mephisto Magellan: -0,2 / lt.
Stockfish steht Weiss knapp besser mit ca. +0,30} 15. a4 b4 16. Rc1 d4??
{ein Verlustzug, danach ist die Partie bereits klar verloren, Stockfish
-1,70, deutlich besser ist Dd7 mit Ausgleich} 17. cxd4 Bxf5? {deutlich
besser ist noch 17. Scxd4, Stockfish -2,40} 18. Qxf5 Ncxd4 19. Bxd4 Nxd4
20. Qe4 Nxf3+ 21. Nxf3 O-O 22. Qb7? {ein schlechter Zug, der den Vorteil
von Weiss halbiert, Stockfish +1,20, deutlich besser 22. Tc6, danach wäre
Weiss bereits in einer klaren Gewinnstellung mit ca. +2,50} c5 23. Rd1 Qe8
24. b3? {ein schlechter Zug, der den Vorteil von Weiss neuerlich halbiert,
Stockfish +0,60, deutlich besser ist Te1, aber die richtige Fortsetzung ist
wohl für Magellan unmöglich, denn es wäre c4, bxc4, Tb8, Dxa6, b3, danach
würde Schwarz ja 2 Bauern einbüssen, das ist praktisch unmöglich für einen
Oldie, der Freibauer auf b2 bringt dann Schwarz annähernden Ausgleich, aber
das wird wohl nicht gehen} a5? {ein Verlustzug, aber war klar, dass
Magellan nicht auf 24. c4 !! kommen kann, Stockfish -2,20} 25. Rd7? {aber
der vorige Kommentar gilt natürlich wieder einmal nur für Stockfish 16, ein
Verlustzug, ja aber Star Diamond findet nicht die richtige Fortsetzung, der
Textzug ist ganz schlecht und verspielt nahezu den gesamten Vorteil,
Stockfish nur noch +0,30, gewonnen hätte 25. Sd2} Rb8 26. Qc6 Rd8 27. Rad1
Rxd7 28. Rxd7?? {dieser Zug stellt die Partie nun völlig auf den Kopf, ein
Verlustzug, Stockfish -3,00, nach Dxd7 ist die Partie Remis} Qxd7??? {ein
Horrorzug, der die Partie sofort wieder auf den Kopf stellt, danach gewinnt
Weiss wieder, Stockfish -3,00 (büsst ganze 6 Bauerneinheiten !! ein,
gewonnen hätte 28. c4 !} 29. Qxd7 Rd8 30. e6?? {tja, aber wieder einmal
gilt der vorige Kommentar nur für Stockfish 16, der Textzug verschenkt
einfach alles, danach ist die Partie bereits Remis, gewonnen hätte 30. Dd2}
Kf8 31. Ne1??? {also was hier geboten wird hat wirklich nichts mehr mit
Strategie zu tun, ein reines Glücksspiel, ein Verlustzug, danach ist die
Partie klar verloren, Stockfish -4,00, das Remis gesichert hätte entweder
Se5 oder Kf1 (das verwirft Star Diamond im letzten Moment noch)} Rxd7 32.
exd7 Bd8??? {aber wer glaubt, das war es schon der irrt gewaltig, wieder
wird der Sieg verschenkt, Remis !!, gewonnen hätte 32. c4} 33. Nd3 Ke7 34.
Nxc5 Bb6 35. d8=R Bxd8 36. Kf1 Bc7 37. h4? {ein Verlustzug, Stockfish
-2,00, nötig war Ke2 mit Ausgleich} Kd6 38. Nd3 Kd5 39. Ke2 Kd4 40. Kd2
{Stockfish -1,90, aber für einen Oldie ist das natürlich noch lange nicht
erledigt, beide Geräte sehen Schwarz mit ca. +0,50 im Vorteil} h6? {kaum
habe ich den vorigen Kommentar zu Ende getippt, wird der Sieg verschenkt,
Remis !, nötig war 40. g6, Stockfish 0,00, das ist allerdings wirklich
nicht leicht für einen Oldie, g6 ist der einzige Zug, der gewinnt, alles
andere ist Remis !} 41. h5 Ke4 42. f3+ Kd4 43. Nb2 g6 44. hxg6 fxg6 45. Nc4
h5 46. Kc2 g5 47. Kd2 g4 48. fxg4 hxg4 49. Kc2 Ke4 50. Kd2 Kf4 51. Ke2 Bd8
52. Nd6 Kg3 53. Kf1 {Da geht nichts mehr, Userentscheid: Remis} 1/2-1/2
[/pgn]
[pgn]

[Event "Turnier 40 / 120"]
[Site "Wien"]
[Date "2023.10.31"]
[Round "36"]
[White "Mephisto Magellan – 20 MHZ"]
[Black "Novag Star Diamond – 25 MHZ"]
[Result "1-0"]
[BlackElo "2161"]
[WhiteElo "2233"]

{Analyse ----> Stockfish 16} 1. c4 Nf6 2. d4 e6 3. Nf3 b6 4. Nc3 Bb7 5. a3
d5 6. cxd5 Nxd5 7. e3 {Buchende} Be7 {Buchende} 8. Bd3 {Buchbewertung
Mephisto Magellan: 0,0} Nxc3 {Buchbewertung Novag Star Diamond: -0,11 / lt.
Stockfish ist die Stellung etwa gleich} 9. bxc3 Nc6 10. O-O Qd5? {ein
schlechter Zug, deutlich besser ist Sa5, Stockfish -1,20} 11. e4 Qa5?? {ein
Verlustzug, Stockfish -2,50, nötig war Dd8} 12. Qc2? {ein schlechter Zug,
der den Vorteil von Weiss fast halbiert, Stockfish +1,40, gewonnen hätte
hier bereits Tb1} O-O-O? {ein schwacher Zug, Stockfish -2,00, deutlich
besser ist Td8} 13. Rb1 {in dieser komplizierten Stellung können beide
Geräte nicht die idealen Züge finden, besser ist a4, Stockfish +1,60} a6?
{ein schlechter Zug, deutlich besser ist Dh5, Stockfish -2,50} 14. Rd1
{Mephisto Magellan sieht hier noch keinen klaren Vorteil, Bewertung: +0,3}
Rhe8? {Novag Star Diamond: -0,88 / deutlich besser ist noch Dh5, Stockfish
-3,00} 15. Bb2? {ein schlechter Zug, deutlich besser ist Le3, Stockfish
+1,70, auch der von Magellan im letzten Moment verworfene Zug Sd2 wäre noch
besser gewesen} g5 16. Nd2 g4 17. Nc4 Qh5 18. Ne3? {ein schlechter Zug, der
den Vorteil von Weiss in etwa halbiert, Stockfish nur noch +0,90, deutlich
besser ist Lc1} g3?? {also das ist völliger Schwachsinn, danach ist die
Partie bereits verloren, Stockfish -2,40, nötig war Tf8} 19. fxg3 {wieder
einmal ignoriert Magellan das Grundprinzip zur Mitte zu schlagen, in diesem
Fall keine Katastrophe aber unnötig, Stockfish +2,20} h6 20. e5 f5? {ein
schlechter Zug, Stockfish -3,40, deutlich besser ist noch Th8 oder auch
Kb8} 21. Bc1? {ein schlechter Zug, der eine ganze Bauerneinheit einbüsst,
Stockfish +2,40, deutlich besser ist exf6} Bg5 22. Qe2?? {ein
grottenschlechter Zug, der den Grossteil des Vorteiles verspielt, Stockfish
nur noch +1,00, nötig ist Le2} Qxe2 23. Bxe2 Rh8? {ein schlechter Zug, der
den Nachteil von Schwarz verdoppelt, Stockfish -2,00, nötig war Tg8} 24.
Nc2? {so aber nicht, halbiert gleich wieder den Vorteil Stockfish +1,00,
nötig war h4} Nb8 {beide Geräte haben grosse Probleme mit dieser Stellung,
verdoppelt gleich wieder den Nachteil, Stockfish -2,00, nötig war Se7} 25.
Bxg5 hxg5 26. Rb2? {weit schwächer als g4, Stockfish +1,30} Nd7? {hier
stellt sich wirklich die Frage, wie sinnvoll es ist hier mit Stockfish zu
analysieren, praktisch jeder Zug ist ein Fehlergriff, nötig war g4,
Stockfish -2,00} 27. g4! {richtig} f4 28. Ne1 Rdg8 29. h3 c5?
{verschlimmert nochmals deutlich die Lage, weit besser ist noch Kd8,
Stockfish -3,30} 30. dxc5 b5? {besser ist noch Td8, Stockfish -3,70} 31. c4
Nxe5 32. cxb5 axb5 33. Bxb5 Bd5 34. Re2 Nc4 {besser ist noch Sg6, Stockfish
-4,30} 35. Bxc4 Bxc4 36. Re5 Rg6 37. Nf3 Rhg8 38. Rd6 Kc7 39. a4 {Stockfish
+5,50} R8g7 40. a5 Rg8 41. a6 Kb8 42. Rb6+ Ka8 43. c6 Rc8 44. Rc5! {richtig
da ist nichts mehr zu machen für Schwarz, Stockfish -32,00} Bd5 45. Ne5
Rgg8 46. Rb7 {Stockfish Matt in 20} Rcd8 47. Rcb5 f3 {Novag Star Diamond:
-7,03 ----> aufgegeben} 1-0
[/pgn]
[pgn]

[Event "Turnier 40 / 120"]
[Site "Wien"]
[Date "2023.11.01"]
[Round "37"]
[White "Novag Star Diamond – 25 MHZ"]
[Black "Mephisto Magellan – 20 MHZ"]
[Result "0-1"]
[BlackElo "2233"]
[WhiteElo "2161"]

{Analyse ------> Stockfish 16} 1. e4 e6 2. d4 d5 3. Nd2 c5 4. exd5 Qxd5 5.
Ngf3 cxd4 6. Bc4 Qd6 7. O-O Nf6 8. Nb3 Nc6 9. Nbxd4 Nxd4 10. Nxd4 a6
{Buchende} 11. Re1 Qc7 {Buchbewertung Mephisto Magellan: -0,1} 12. Bb3
{Buchende} Bd6 13. Nf3 {Buchbewertung Novag Star Diamond: -0,15 / lt.
Stockfish ist die Stellung etwa gleich} b6 14. Qd3 Bb7 15. Ba4+?? {Novag
Star Diamond: -0,34 / völliger Unsinn, wird doch sofort mit b5 gekontert,
Stockfish -1,00, deutlich besser ist enweder c3 oder h3, beides mit
annäherndem Ausgleich} b5 16. Bb3 {hier schmollt Star Diamond
offensichtlich aufgrund seines zuvor gemachten sinnlosen Zuges, obwohl
dieser Zug praktisch alternativlos ist nimmt er sich dafür unglaubliche 38
Minuten !!! Bedenktzeit und kommt zu einer Bewertung von -1,11} Rd8 17.
Nd4?? {Star Diamond hat für den vorigen Zug viel zu viel Zeit verschwendet
und nimmt daher für diesen Zug nur 50 Sekunden Zeit und das rächt sich, ein
absoluter Verlustzug, danach ist die Partie bereits klar verloren,
Stockfish -3,00, nötig war entweder Dc3 oder De2} Bxh2+ 18. Kf1 Be5 19.
Be3?? {wieder nach kurzer Bedenkzeit gespielt und nochmals katastrophal,
verdoppelt nochmals den Nachteil, danach ist endgültig alles vorbei, hier
kann sich jeden weiteren Kommentar schenken, Stockfish -6,00, deutlich mehr
Widerstand leistet noch 19.c3} Bxd4 20. Bxd4 Qh2 21. Ke2 e5 22. Kd1 Be4 23.
Kc1 Bxd3 24. Bxe5 Qxg2 25. Bxf6+ Be4 26. Bxd8 {Novag Star Diamond: -7,11
-----> aufgegeben} 0-1
[/pgn]
[pgn]

[Event "Turnier 40 / 120"]
[Site "Wien"]
[Date "2023.11.02"]
[Round "38"]
[White "Mephisto Magellan – 20 MHZ"]
[Black "Novag Star Diamond – 25 MHZ"]
[Result "0-1"]
[BlackElo "2161"]
[WhiteElo "2233"]

{Analyse -----> Stockfish 16} 1. d4 Nf6 2. Nf3 d5 3. c4 c6 4. Nc3 dxc4 5.
a4 Bf5 6. Ne5 e6 7. f3 Bb4 8. e4 Bxe4 9. fxe4 Nxe4 10. Bd2 Qxd4 11. Nxe4
Qxe4+ 12. Qe2 Bxd2+ {Buchende} 13. Kxd2 {Buchende} Qf4+? {Buchbewertung
Novag Star Diamond: +0,26 / ein schlechter erster berechneter Zug, danach
ist Weiss bereits klar im Vorteil, Stockfish -1,20, deutlich besser ist Dd5
mit geringem Vorteil für Weiss mit ca. -0,50} 14. Ke1? {Buchbewertung
Mephisto Magellan: -0,8 / ebenfalls ein erster schlechter berechneter Zug,
der den Grossteil des Vorteiles postwendend retour gibt, trotzdem ist die
Bewertung noch zu pessimistisch, lt. Stockfish ist Weiss leicht im Vorteil
mit ca. +0,30, deutlich besser ist aber De3 mit klarem Vorteil für Weiss}
O-O {besser ist Sa6, Stockfish -0,70} 15. g3 Qd4 16. Nxc4 Rd8 {besser ist
Sa6, Stockfish -0,90} 17. Bg2? {ein schlechter Zug, danach ist jeglicher
Vorteil dahin, Stockfish 0,00, deutlich besser ist Tad1} Na6 18. Ne5???
{ein Verlustzug, danach ist die Partie bereits klar verloren, Stockfish
-2,00, es gibt zahlreiche Züge, die noch eine ausgegliche Stellung sichern,
z.B. Kf1, Td1, Tf1} Nc5? {ein ganz schlechter Zug, danach ist Schwarz nur
noch knapp im Vorteil, Stockfish +0,50, gewonnen hätte Db4+, Kf1, Td2 usw.}
19. Kf1? {ganz schlecht, danach ist Schwarz wieder klar im Vorteil, nötig
war Td1, Stockfish -1,50} Nxa4? {ein schlechter Zug, der den Grossteil des
Vorteiles verspielt, Stockfish +0,30, deutlich besser ist Db4} 20. Bf3 Nc5
{leichten Vorteil hätte Sxb2 versprochen, nach dem Textzug ist die Stellung
im Lot, Stockfish 0,00} 21. Kg2 Qd2 22. Rhd1 Qxe2+ 23. Bxe2 Rd5 24. Nf3 Nb3
25. Ra3 Rxd1 26. Bxd1 Nc5 27. Kf2 Kf8 28. Bc2 Nd7 29. Rb3 Nb6 30. Bxh7!
{richtig, obwohl danach der Läufer eingesperrt wird, lt. Stockfish ist die
Stellung im Lot} g6 31. Ng5 Kg7 32. Rf3 Rf8 33. Nxe6+ {etwas besser ist
Ta3, Stockfish -0,30} fxe6 34. Rxf8 Kxf8 35. Bxg6 Na4 36. b3 Nc5 37. Bc2 e5
38. h4 {die Stellung ist Remis, Stockfish 0,00} a5 39. Ke3 b5 40. g4 a4 41.
bxa4 bxa4 42. h5 a3 43. Bb1 Nb3 44. h6 Nc1 45. g5 a2 46. Bxa2 Nxa2 47. Ke4
Nb4 48. g6 c5 49. g7+ Kg8 50. Kxe5 Kf7 51. Kd6??? {also das ist ja einfach
nicht zu fassen, nach diesem Zug ziehe ich ohne weiteren Kommentar den
Stecker, also sowas habe ich noch niemals zuvor gesehen !!!!!!!! DIE
GRÖSSTE IDIOTIE ALLER ZEITEN !!!} 0-1
[/pgn]
[pgn]

[Event "Turnier 40 / 120"]
[Site "Wien"]
[Date "2023.11.02"]
[Round "39"]
[White "Novag Star Diamond – 25 MHZ"]
[Black "Mephisto Magellan – 20 MHZ"]
[Result "1/2-1/2"]
[BlackElo "2233"]
[WhiteElo "2161"]

{Analyse ------> Stockfish 16} 1. d4 d5 2. c4 e6 3. Nc3 c5 4. cxd5 exd5 5.
Nf3 Nc6 6. g3 Nf6 7. Bg2 Be7 8. O-O Be6 9. dxc5 Bxc5 10. Bg5 {Buchende} O-O
11. Qb3 {Buchbewertung Novag Star Diamonnd: +0,88} d4 {Buchbewertung
Mephisto Magellan: -0,3 lt. Stockfish ist die Stellung exakt im Lot, 0,00}
12. Qxb7?? {ein Verlustzug, Stockfish -2,00, nötig war Lxf6 mit Ausgleich}
dxc3 13. Qxc6 Rc8 14. Qb7 Rb8 15. Qc6 cxb2 16. Qxc5 bxa1=R 17. Rxa1 Ne4 18.
Bxd8 Nxc5 19. Be7 Rfc8 20. Nd4 Bd7 21. Nf3 {besser ist noch Lf3, Stockfish
-2,80} Ne6 {besser ist Sa4, Stockfish +2,30} 22. Ne5 Ba4? {ein schlechter
Zug, der eine ganze Bauerneinheit einbüsst, deutlich besser ist Le8,
Stockfish +1,30} 23. Bd5 Rc2 24. e4 h6 25. Ba3 a6? {ein schwacher Zug,
deutlich besser ist Le8, Stockfish +0,80} 26. f4?? {ein Verlustzug, danach
ist die Partie bereits klar verloren, Stockfish -3,30, nötig war h4} Rc3?
{ein schlechter Zug, der eine ganze Bauerneinheit einbüsst, Stockfish
+2,30, deutlich besser ist Le8} 27. Be7 {deutlich vorzuziehen ist f5,
Stockfish -3,00} Re8?? {die falsche Figur, der Läufer muss nach e8, ein
grottenschlechter Zug, der ca. 2/3 des Vorteiles verspielt, Stockfish
+1,00} 28. Bd6 Rc2? {ganz schlecht, danach ist nicht mehr viel übrig vom
weissen Vorteil, Stockfish +0,30, deutlich besser ist Tec8} 29. Rd1? {ein
Verlustzug, Stockfish -2,00, nötig war 29.f5} Rd8 30. Bb4?? {ein absoluter
Verlustzug, danach ist bereits alles aus, Stockfish -4,00, deutlich mehr
Widerstand leistet 30.Le7} Rxa2??? {mit dem Kommentar absoluter Verlustzug
muss man aber vorsichtig sein, denn das gilt wieder einmal wie so oft nur
für Stockfish 16, der Textzug ist eine Katastrophe und verschenkt nahezu
den gesamten Vorteil, danach ist ein Sieg in weiter Ferne, Stockfish nur
noch +0,50, sofort gewonnen hätte 30. Tb8} 31. Rc1? {ein schlechter Zug,
danach ist Schwarz neuerlich klar im Vorteil, Stockfish -1,70, nötig war
31.Te1} Re2??? {unfassbar schlecht, verschenkt auf einen Schlag den
gesamten Vorteil, danach ist die Partie bereits Remis, Stockfish 0,00, da
gibt es bereits eine ewig lange Variante, die unweigerlich zum Remis führt,
nötig war 31. Tc2} 32. Nxf7! {richtig, Novag Star Diamond ergreift diese
Chance und sieht sie gleichzeitig, Bewertung nur noch -0,19 !!, und eben
das hatte Magellan überhaupt nicht auf der Rechnung, er erwartete 32. Lc3
??, danach wäre die Partie klar verloren gewesen mit -3,00} Kxf7 {und
Magellan erkennt es immer noch nicht, Bewertung: +1,5 ? / Stockfish 0,00}
33. f5 Rxd5 34. fxe6+ Kxe6 35. exd5+ Kxd5 36. Bf8 g6 37. Bxh6 Bc2 38. Ra1
Bd3 {Hier ist nichts mehr zu machen, Schwarz hat ja ausserdem noch den
falschen Läufer, der das Einzugsfeld des A-Bauern nicht unterstützen kann,
selbst wenn er Läufer + Bauer nur gegen den König hätte könnte er nicht
mehr gewinnen, also 100 % Remis, Userentscheid Remis} 1/2-1/2
[/pgn]
[pgn]